Pavillons de guerre des pays - 1 - Statistiques

Statistiques générales
  • Ce quiz a été pris 50 fois
  • Le résultat moyen est 15 sur 20
Statistiques - réponses
Par images Réponse % Correct
France
98%
Suède
98%
Maroc
96%
Italie
93%
Royaume-Uni
93%
Canada
89%
Croatie
89%
Égypte
89%
Inde
89%
Australie
87%
Japon
87%
Nigeria
87%
Bulgarie
85%
Chine
78%
Hongrie
70%
Belgique
52%
Bolivie
46%
Honduras
46%
Corée du nord
41%
Russie
30%
Aucun quiz correspondant
Distribution des résultats
% des personnes avec chaque résultat
Percentile par nombre de réponses
Votre historique - résultats
Vous n’avez pas pris ce quiz